MARC детайли
| 000 -Лидер |
| Контролно поле с фиксирана дължина |
02660nam a2200493 c 4500 |
| 003 - Код на организацията, давaща контролен номер |
| Контролно поле |
BLK |
| 005 - Дата и час на последна редакция |
| Контролно поле |
20250110140426.0 |
| 008 - Елементи от данни с фиксирана дължина |
| fixed length control field |
180407b bul|||||r ||||||| ||bul|| |
| 010 ## - Наследен системен номер |
| LC control number |
KNG00033140000 |
| 020 ## - Международен стандартен номер на книга ISBN |
| Международен стандартен номер на книга ISBN |
954-90-667-1-1 |
| -- |
издат.: Лъки-62 |
| 040 ## - Източник на каталожния запис |
| Идентификатор на билиотеката - собственик на записа |
BLK |
| 041 ## - Код за език |
| Код за езика на текст/звукозапис или на отделно заглавие |
Български |
| Код за езика КДБФ |
Български |
| 072 #7 - Код за тематичната категория |
| Код организация |
bullib |
| Код за тематична категория |
Я |
| Текст |
Автографи |
| 080 ## - УДК |
| Текстов определител УДК |
Политическо преследване. Терористични действия. Тероризъм - Атентати, политически убийства. Вж и 343.1 ; 343.3/.7 |
| УДК код - определител по УДК |
323.28 |
| УДК определител |
(497.2)(091)(092)(093.3) |
| УДК - код + определител |
323.28(497.2)(091)(092)(093.3) |
| 080 ## - УДК |
| Текстов определител УДК |
Отрицателното отношение на населението към държавата. Несъгласие. Съпротива. Бунт. Вж и 329.73 |
| УДК код - определител по УДК |
323.22 |
| УДК определител |
(497.2)(091)(092)(093.3) |
| УДК - код + определител |
323.22(497.2)(091)(092)(093.3) |
| 080 ## - УДК |
| Текстов определител УДК |
Български политически затворник, журналист и поет |
| УДК код - определител по УДК |
929 Заркин, Георги Атанасов |
| УДК определител |
|
| УДК - код + определител |
929 Заркин, Георги Атанасов |
| 100 1# - Редна дума - Автор |
| Автор |
Заркин, Лъчезар Георгиев |
| Авторска отговорност |
първи автор |
| R(LIN) |
270866 |
| 139 ## - Редно поле |
| Редна дума |
Заркин, Лъчезар Георгиев |
| Авторски знак |
Зари - З 35 |
| 245 10 - Сведения за заглавието |
| Заглавие |
Вулкан |
| Подзаглавни данни |
Ч. 1 - |
| Редно поле (дума) |
Лъчезар Георгиев Заркин. |
| Том |
Ч. 1 |
| 257 ## - Страна на издаване |
| Страна на създаване/издаване |
България |
| 260 ## - Област на издателските данни |
| -- |
Самоков |
| Име на издателя, разпространителя и проч. |
Лъки-62 |
| Година на издаване |
2000 - |
| Печатница |
София : Д. Благоев |
| 300 ## - Физическа характеристика |
| Страници |
143 с. |
| Илюстрации и др. |
с ил. |
| Размери/Мащаб |
23 см |
| 380 ## - Жанр |
| Жанр |
Обществени науки |
| 500 ## - Общи забележки |
| Забележка |
Рилски бор - псевд. на Георги Заркин. - Офс. изд. |
| 600 14 - Име на лице, използвано като предмет |
| За него / За нея |
Заркин, Георги Атанасов |
| 9 (RLIN) |
366545 |
| 650 #4 - Допълнително описание по предмет – тема |
| Основно описание – тема или топоним |
Заркин, Георги Атанасов |
| 9 (RLIN) |
366545 |
| 650 #4 - Допълнително описание по предмет – тема |
| Основно описание – тема или топоним |
Вътрешна политика - България - спомени |
| 9 (RLIN) |
264658 |
| 650 #4 - Допълнително описание по предмет – тема |
| Основно описание – тема или топоним |
Политически репресии - България - спомени |
| 9 (RLIN) |
270867 |
| 650 #4 - Допълнително описание по предмет – тема |
| Основно описание – тема или топоним |
Затвори - България - спомени |
| 9 (RLIN) |
270868 |
| 650 #4 - Допълнително описание по предмет – тема |
| Основно описание – тема или топоним |
България - вътрешна политика - спомени |
| 9 (RLIN) |
244126 |
| 651 #4 - Допълнително описание по предмет - топоним |
| Географско понятие |
България |
| 9 (RLIN) |
241624 |
| 653 ## - Ключова дума – ненормативна |
| Ключова дума |
Георги Заркин |
| 653 ## - Ключова дума – ненормативна |
| Ключова дума |
политически репресии |
| 653 ## - Ключова дума – ненормативна |
| Ключова дума |
дисиденти |
| 653 ## - Ключова дума – ненормативна |
| Ключова дума |
български поети |
| 659 ## - Тематичен бюлетин |
| Тематичен бюлетин |
Я |
| 760 1# - Описание на основната серия |
| Редна дума на основното описание |
Заркин, Лъчезар Георгиев |
| Място на издаване, издател и година |
2000 |
| Страници - том |
143 с. : със сн., факс. |
| Заглавие |
Ч. 1 |
| 852 ## - Местоположение |
| Форматна сигнатура |
Цб 205304 |
| 856 4# - Електронен адрес и достъп |
| Електронен формат |
pdf - файл |
| Път до файла /url/ |
|
| 856 4# - Електронен адрес и достъп |
| Електронен формат |
pdf - файл |
| Път до файла /url/ |
|
| 942 ## - АРТИКУЛИ |
| Вид на библиотечния материал |
Книги |
| Скрит в OPAC |
Не |
| Koha issues (borrowed), all copies |
3 |
| 944 ## - СЪЗДАВАНЕ И РЕДАКЦИЯ на ЗАПИСА |
| Създаване/Редакция |
Създаване |
| Дата на регистрацията/редакция |
15.01.2003 |
| Статус, дата на статуса |
Минев Младен |
| Служител, извършил регистрацията/редакцията |
30530 |
| 944 ## - СЪЗДАВАНЕ И РЕДАКЦИЯ на ЗАПИСА |
| Създаване/Редакция |
Редакция |
| Дата на регистрацията/редакция |
07.06.2016 |
| Статус, дата на статуса |
ф / |
| Служител, извършил регистрацията/редакцията |
Людмила_Стоянова |
| 999 ## - СИСТЕМНИ КОНТРОЛНИ НОМЕРА |
| Koha biblionumber |
30505 |
| Koha biblioitemnumber |
30505 |